Statistics for NHL players from non-traditional hockey countries

Click here to take the quiz!

General Stats

  • This quiz has been taken 111 times
  • The average score is 12 of 15

Answer Stats

HintAnswer% Correct
Leon DraisatlGermany
93%
Antoine RousselFrance
91%
Thomas VanekAustria
86%
Anze KopitarSlovenia
85%
Mark StreitSwitzerland
84%
Mikhail GrabovskiBelarus
81%
Mariusz CzerkawskiPoland
81%
Sandis OzolinshLatvia
80%
Dmitri KhristichUkraine
78%
Mikkel BodkerDenmark
77%
Darius KasparaitisLithuania
74%
Nikolai AntropovKazakhstan
72%
Espen KnutsenNorway
71%
Leo KomarovEstonia
69%
Goran BezinaCroatia
52%

Score Distribution

Percentile by Number Answered

Percent of People with Each Score

Your Score History

You have not taken this quiz